Biggest Cities in Ontario A-Z - Statistics

General Stats
  • This quiz has been taken 34 times
  • The average score is 11 of 24
Answer Stats
Population City % Correct
T 2,731,571 Toronto
100%
M 721,599 Mississauga
93%
O 934,243 Ottawa
93%
H 536,917 Hamilton
80%
B 593,638 Brampton
77%
W 217,188 Windsor
73%
K 233,222 Kitchener
70%
L 383,822 London
70%
G 131,794 Guelph
63%
V 306,233 Vaughan
60%
A 119,677 Ajax
53%
C 129,920 Cambridge
50%
N 88,071 Niagara Falls
50%
S 161,531 Sudbury
43%
P 91,771 Pickering
33%
R 195,022 Richmond Hill
33%
U 21,176 Uxbridge
33%
D 7,749 Dryden
17%
Q 43,577 Quinte West
17%
I 36,566 Innisfil
13%
E 23,991 East Gwillimbury
7%
F 30,710 Fort Erie
7%
J 751 Johnson
0%
Z 8,138 Zorra
0%
No matching quizzes found
Score Distribution
Percent of People with Each Score
Percentile by Number Answered
Your Score History
You have not taken this quiz